Szczegóły MARC21

Trójwymiarowa manualna terapia wad stóp u dzieci /

003 -Nazwa inst., której nr kontr. jest w polu 001 [,]
    • @
    • Nazwa instytucji, której n kontrolny jest w polu 001
    • NUKAT
005 -DATA I CZAS OSTATNIEJ MODYFIKACJI [,]
    • @
    • pole kontrolne
    • 20250430131446.0
020 -Międzynarod. znormalizowany nr książki - ISBN [ , ]
    • a
    • Numer ISBN
    • 9788365373489 Find
020 -Międzynarod. znormalizowany nr książki - ISBN [ , ]
    • a
    • Numer ISBN
    • 9783437550829 Find
    • q
    • Dopowiedzenie
    • Elsevier
040 -Instytucja sporządzająca opis [ , ]
    • a
    • Instytucja, która sporządziła opis (NP)
    • OLSZT 003/BK
    • b
    • Język katalogowania
    • pol
    • e
    • Zasady katalogowania
    • rda
    • c
    • Instytucja, która sporządziła rekord (NP)
    • OLSZT 003/BKs
    • d
    • Instytucja, która zmodyfikowała rekord (P)
    • KR 122/AKs
    • d
    • Instytucja, która zmodyfikowała rekord (P)
    • GD 27/LKs
    • d
    • Instytucja, która zmodyfikowała rekord (P)
    • KR PAU/MS
    • d
    • Instytucja, która zmodyfikowała rekord (P)
    • Ł 68/MN
041 -Język dokumentu [1, ]
    • a
    • Język tekstu (P)
    • polski
    • h
    • Język tekstu oryginalnego i/lub pośredniego (P)
    • niemiecki
942 -Rodzaj dokumentu [ , ]
    • c
    • Rodzaj dokumentu
    • Książka
100 -Hasło główne - nazwa osobowa [1, ]
    • a
    • Nazwa osobowa (NP)
    • Zukunft-Huber, Barbara.
    • e
    • Rodzaj współpracy
    • Autor
    • 9
    • KHW
    • 558091
240 -Tytuł ujednolicony [1,0]
    • a
    • Tytuł ujednolicony
    • Kleine Fuß ganz groß
    • l
    • Język tekstu
    • (pol.)
    • 9
    • KHW
    • 558099
245 -Strefa tytułu i oznaczenia odpowiedzialności [1,0]
    • a
    • Tytuł
    • Trójwymiarowa manualna terapia wad stóp u dzieci / Find
    • c
    • Pozostałe elementy strefy tytułu i oznaczenia odpowiedzialności (NP)
    • Barbara Zukunft-Huber ; współpraca: Oliver Eberhardt, Jörg Stihler, Klausdieter Parsch, Monique Baise, Kurt Pohlig, Brigitte Benda-Schäfer ; przedmowy Klausdieter Parsch, Johannes Correll, Robert Rödl ; redakcja naukowa oraz tłumaczenie z języka niemieckiego: Katarzyna Hrynyszyn.
246 -Wariant tytułu [1, ]
    • i
    • Tekst wyświetlany na ekranie monitora (NP)
    • Tytuł oryginału:
    • a
    • Tytuł (NP)
    • Kleine Fuß ganz groß :
    • b
    • Ciąg dalszy tytułu (NP)
    • dreidimensionale manuelle Fußtherapie bei kindlichen Fußfehlstellungen
250 -Strefa wydania [ , ]
    • a
    • Oznaczenie wydania (NP)
    • Wydanie drugie polskie /
    • b
    • Ciąg dalszy strefy wydania (NP)
    • redakcja Katarzyna Hrynyszyn.
260 -Strefa adresu wydawniczego [ , ]
    • a
    • Miejsce wydania (P)
    • Wrocław :
    • b
    • Nazwa wydawcy (P)
    • Edra Urban & Partner,
    • c
    • Data wydania (P)
    • © copyright 2020.
300 -Strefa opisu fizycznego [ , ]
    • a
    • Określenie formy książki i/lub objętość (NP)
    • XIV, 290 stron :
    • b
    • Oznaczenie ilustracji (NP)
    • ilustracje kolorowe ;
    • c
    • Format (NP)
    • 24 cm.
336 -Typ zawartości [ , ]
    • a
    • Termin opisujący typ zawartości
    • Tekst
    • b
    • Kod określający zawartość
    • txt
    • 2
    • Źródło (terminu i kodu)
    • rdacontent
337 -Typ mediów [ , ]
    • a
    • Tryb odtwarzania
    • Bez urządzenia pośredniczącego
    • b
    • Kod typu mediów
    • n
    • 2
    • Źródło (terminu i kodu)
    • rdamedia
338 -Typ/rodzaj nośnika [ , ]
    • a
    • Hasło opisujące typ nośnika
    • Wolumin
    • b
    • Kod typu nośnika
    • nc
    • 2
    • Źródło (terminu i kodu)
    • rdacarrier
500 -Uwaga ogólna [ , ]
    • a
    • Uwaga ogólna (NP)
    • Tytuł oryginału: Der kleine Fuß ganz groß.
500 -Uwaga ogólna [ , ]
    • a
    • Uwaga ogólna (NP)
    • Na stronie tytułowej: wydanie 3. dotyczy podstawy przekładu.
500 -Uwaga ogólna [ , ]
    • a
    • Uwaga ogólna (NP)
    • Odpowiedzialności redaktora i tłumacza na stronie redakcyjnej.
504 -Uwaga dot. bibliogr. załącznikowej [ , ]
    • a
    • Uwaga dot. bibliografii załącznikowej
    • Bibliografia na stronach 259-262.
650 -Hasło przedmiotowe [ ,7]
    • a
    • Hasło przedmiotowe
    • Choroby stopy u dzieci.
    • 2
    • Źródło terminu
    • kaba
    • 9
    • KHW
    • 153860
650 -Hasło przedmiotowe [ ,7]
    • a
    • Hasło przedmiotowe
    • Stopa
    • x
    • Określnik rzeczowy
    • wady rozwojowe
    • x
    • Określnik rzeczowy
    • leczenie.
    • 2
    • Źródło terminu
    • kaba
    • 9
    • KHW
    • 558144
650 -Hasło przedmiotowe [ ,7]
    • a
    • Hasło przedmiotowe
    • Stopa
    • x
    • Określnik rzeczowy
    • wady rozwojowe
    • x
    • Określnik rzeczowy
    • fizjoterapia.
    • 2
    • Źródło terminu
    • kaba
    • 9
    • KHW
    • 469448
650 -Hasło przedmiotowe [ ,7]
    • a
    • Hasło przedmiotowe
    • Choroby stopy u dzieci
    • x
    • Określnik rzeczowy
    • chiropraktyka.
    • 2
    • Źródło terminu
    • kaba
    • 9
    • KHW
    • 562057
700 -Hasło dodatkowe - nazwa osobowa [1, ]
    • a
    • Nazwa osobowa (NP)
    • Eberhardt, Oliver. Find
    • e
    • Określenie rodzaju współpracy
    • Autor
    • 9
    • KHW
    • 558092
700 -Hasło dodatkowe - nazwa osobowa [1, ]
    • a
    • Nazwa osobowa (NP)
    • Stihler, Jörg. Find
    • e
    • Określenie rodzaju współpracy
    • Autor
    • 9
    • KHW
    • 558093
700 -Hasło dodatkowe - nazwa osobowa [1, ]
    • a
    • Nazwa osobowa (NP)
    • Baise, Monique. Find
    • e
    • Określenie rodzaju współpracy
    • Autor
    • 9
    • KHW
    • 558094
700 -Hasło dodatkowe - nazwa osobowa [1, ]
    • a
    • Nazwa osobowa (NP)
    • Pohlig, Kurt. Find
    • e
    • Określenie rodzaju współpracy
    • Autor
    • 9
    • KHW
    • 558095
700 -Hasło dodatkowe - nazwa osobowa [1, ]
    • a
    • Nazwa osobowa (NP)
    • Benda-Schäfer, Brigitte. Find
    • e
    • Określenie rodzaju współpracy
    • Autor
    • 9
    • KHW
    • 558096
700 -Hasło dodatkowe - nazwa osobowa [1, ]
    • a
    • Nazwa osobowa (NP)
    • Hrynyszyn, Katarzyna. Find
    • e
    • Określenie rodzaju współpracy
    • Redakcja
    • e
    • Określenie rodzaju współpracy
    • Tłumaczenie
    • 9
    • KHW
    • 558097
700 -Hasło dodatkowe - nazwa osobowa [1, ]
    • a
    • Nazwa osobowa (NP)
    • Correll, Johannes. Find
    • e
    • Określenie rodzaju współpracy
    • Przedmowa
    • 9
    • KHW
    • 565835
700 -Hasło dodatkowe - nazwa osobowa [1, ]
    • a
    • Nazwa osobowa (NP)
    • Rödl, Robert. Find
    • e
    • Określenie rodzaju współpracy
    • Przedmowa
    • 9
    • KHW
    • 565836
700 -Hasło dodatkowe - nazwa osobowa [1, ]
    • a
    • Nazwa osobowa (NP)
    • Parsch, Klausdieter Find
    • d
    • Daty biograficzne (NP)
    • (1939- ).
    • e
    • Określenie rodzaju współpracy
    • Autor
    • e
    • Określenie rodzaju współpracy
    • Przedmowa
    • 9
    • KHW
    • 558090
710 -Hasło dodatkowe - nazwa ciała zbiorowego [2, ]
    • a
    • Nazwa ciała zbiorowego lub nazwa geograficzna jako pierwszy element (NP)
    • Edra Urban & Partner.
    • e
    • Rodzaj współpracy
    • Wydawca
    • 4
    • Kod relacji
    • pbl
    • 9
    • KHW
    • 87130
856 -Dostęp do wersji elektronicznej [4,1]
    • 3
    • Wyszczególnienie materiału
    • Spis treści
920 -ISBN [ , ]
    • a
    • ISBN
    • 978-83-65373-48-9 Find
920 -ISBN [ , ]
    • a
    • ISBN
    • 978-3-437-55082-9 Find
    • q
    • Dopowiedzenie
    • Elsevier
Numer inwentarzowy Data inwentaryzacji Status udost. Sygnatura Lokalizacja
WF.106932020-10-151Fizjoterapia 45BM